[Event "6I Torneo Ciudad de Pontevedra 2018"]
[Site "Pontevedra ESP"]
[Date "2018.08.09"]
[Round "2.17"]
[White "Bottazzi, Ulysse"]
[Black "Estremera Panos, Sergio"]
[Result "0-1"]
[WhiteElo "1847"]
[BlackElo "2337"]
[PlyCount "66"]
[EventDate "2018.08.08"]
[EventType "swiss"]
[EventRounds "9"]
[EventCountry "ESP"]
[SourceTitle "Ajedrez en Madrid"]
[Source "lmi"]
[SourceDate "2018.08.08"]

1. e4 e5 2. Nf3 Nc6 3. Bb5 a6 4. Ba4 Nf6 5. d4 exd4 6. O-O Be7 7. Re1 b5 8. Bb3
d6 9. a4 Rb8 10. Bd5 Bd7 11. Bxc6 Bxc6 12. Nxd4 Bd7 13. Nc3 O-O 14. Bf4 bxa4
15. Nxa4 c5 16. Nf5 Bxf5 17. exf5 Rb4 18. Rxe7 Rxf4 19. Ra7 Rd4 20. Qf3 Qa5 21.
b3 Qd2 22. h3 Qxc2 23. Rxa6 h5 24. Re1 Rd3 25. Re3 Rxe3 26. Qxe3 Re8 27. Qf3 d5
28. Rd6 h4 29. g4 hxg3 30. Qxg3 Ne4 31. Qf4 Nxd6 32. Qxd6 Re1+ 33. Kh2 Qxf2#
0-1

[Event "6I Torneo Ciudad de Pontevedra 2018"]
[Site "Pontevedra ESP"]
[Date "2018.08.09"]
[Round "2.18"]
[White "Krutti, Valer"]
[Black "Garcia Sobrino, David"]
[Result "1/2-1/2"]
[WhiteElo "2312"]
[BlackElo "2211"]
[PlyCount "104"]
[EventDate "2018.08.08"]
[EventType "swiss"]
[EventRounds "9"]
[EventCountry "ESP"]
[SourceTitle "Ajedrez en Madrid"]
[Source "lmi"]
[SourceDate "2018.08.08"]

1. Nf3 e6 2. g3 Nf6 3. Bg2 d5 4. O-O Be7 5. d3 O-O 6. Nbd2 c5 7. e4 Nc6 8. Re1
b5 9. Qe2 Bb7 10. e5 Nd7 11. h4 Qc7 12. Nf1 Rfc8 13. Bf4 Qd8 14. N1h2 h6 15.
Ng4 Bf8 16. Qd1 a5 17. Re2 b4 18. h5 Ba6 19. Ne3 Nb6 20. g4 Be7 21. Rd2 c4 22.
b3 cxd3 23. cxd3 a4 24. Rc1 axb3 25. axb3 Na5 26. Ra1 Bb7 27. Nd4 Nd7 28. Bg3
Qb6 29. Ne2 Nc5 30. Nc1 Nc6 31. Rxa8 Rxa8 32. d4 Ne4 33. Bxe4 dxe4 34. d5 Nd8
35. Ne2 Bxd5 36. Nxd5 exd5 37. Nf4 Bg5 38. Rxd5 Ne6 39. Rd6 Rd8 40. Nxe6 fxe6
41. Qc2 Rxd6 42. exd6 Qd4 43. Qc8+ Kh7 44. Qxe6 e3 45. Kg2 Qd2 46. Qf5+ Kh8 47.
Be5 Qd5+ 48. f3 Kg8 49. Qc8+ Kh7 50. Qc2+ Kg8 51. Qc8+ Kh7 52. Qc2+ Kg8 1/2-1/2

[Event "6I Torneo Ciudad de Pontevedra 2018"]
[Site "Pontevedra ESP"]
[Date "2018.08.09"]
[Round "2.19"]
[White "Fernandes, Ricardo Paulos"]
[Black "Calzetta Ruiz, Monica"]
[Result "1-0"]
[WhiteElo "2024"]
[BlackElo "2302"]
[PlyCount "84"]
[EventDate "2018.08.08"]
[EventType "swiss"]
[EventRounds "9"]
[EventCountry "ESP"]
[SourceTitle "Ajedrez en Madrid"]
[Source "lmi"]
[SourceDate "2018.08.08"]

1. b3 e5 2. Bb2 Nc6 3. c4 Nf6 4. e3 d5 5. cxd5 Nxd5 6. d3 Bd6 7. a3 O-O 8. Nd2
f5 9. Ngf3 Qe7 10. Qc2 Kh8 11. Be2 Bd7 12. O-O Rae8 13. Rfe1 e4 14. Nd4 Nxd4
15. Bxd4 c5 16. Bb2 Bc6 17. Bf1 Nf6 18. h3 Ng4 19. hxg4 Qh4 20. g3 Bxg3 21.
fxg3 Qxg3+ 22. Bg2 exd3 23. Nf1 Qxg4 24. Qf2 Re6 25. Qg3 Rg6 26. Qxg4 Rxg4 27.
e4 fxe4 28. Ne3 Rg6 29. Rf1 Rf3 30. Bc1 h6 31. Bd2 Bd7 32. Nc4 Rxg2+ 33. Kxg2
Bh3+ 34. Kg1 Bxf1 35. Rxf1 Rg3+ 36. Kh2 Rg6 37. Rf4 Re6 38. Be3 h5 39. Nd2 Ra6
40. Bxc5 Re6 41. Bd4 Ra6 42. Rf7 Rxa3 1-0

[Event "6I Torneo Ciudad de Pontevedra 2018"]
[Site "Pontevedra ESP"]
[Date "2018.08.09"]
[Round "2.20"]
[White "Otero Nogueira, Brais"]
[Black "Villar Perez, Samuel"]
[Result "1/2-1/2"]
[WhiteElo "2068"]
[BlackElo "2170"]
[PlyCount "77"]
[EventDate "2018.08.08"]
[EventType "swiss"]
[EventRounds "9"]
[EventCountry "ESP"]
[SourceTitle "Ajedrez en Madrid"]
[Source "lmi"]
[SourceDate "2018.08.08"]

1. c4 Nf6 2. g3 e6 3. Bg2 d5 4. Nf3 Be7 5. O-O O-O 6. b3 b6 7. Bb2 Bb7 8. d4 c5
9. cxd5 exd5 10. Nc3 Nbd7 11. Rc1 Re8 12. Qd3 cxd4 13. Nxd4 Ne4 14. Rfd1 Bg5
15. f4 Ndc5 16. Qb1 Nxc3 17. Bxc3 Bf6 18. b4 Ne4 19. Ba1 Rc8 20. b5 Rxc1 21.
Qxc1 Qd7 22. Bf3 Nd6 23. a4 Nc4 24. Nc6 Ne3 25. Bxf6 gxf6 26. Rd3 Bxc6 27. Rxe3
Bb7 28. Rxe8+ Qxe8 29. Qc7 Bc8 30. Qd6 Qe3+ 31. Kg2 Be6 32. f5 Bxf5 33. Qxd5
Bc2 34. Qa8+ Kg7 35. Qxa7 Be4 36. Bxe4 Qxe2+ 37. Kg1 Qe1+ 38. Kg2 Qxe4+ 39. Kg1
1/2-1/2

[Event "6I Torneo Ciudad de Pontevedra 2018"]
[Site "Pontevedra ESP"]
[Date "2018.08.09"]
[Round "2.21"]
[White "Costa, Paulo"]
[Black "Cinza Lopez, Javier"]
[Result "1-0"]
[WhiteElo "2170"]
[BlackElo "2009"]
[PlyCount "92"]
[EventDate "2018.08.08"]
[EventType "swiss"]
[EventRounds "9"]
[EventCountry "ESP"]
[SourceTitle "Ajedrez en Madrid"]
[Source "lmi"]
[SourceDate "2018.08.08"]

1. d4 d6 2. Nf3 Bg4 3. c4 Bxf3 4. gxf3 Nd7 5. Nc3 g6 6. Qb3 Rb8 7. e4 Bg7 8.
Be3 Ngf6 9. O-O-O O-O 10. e5 Nh5 11. f4 e6 12. h4 Bh6 13. Ne2 b5 14. c5 dxc5
15. dxc5 Qe7 16. Qc2 b4 17. c6 Nb6 18. Bc5 Qe8 19. Bxf8 Qxf8 20. Kb1 Nxf4 21.
Nxf4 Bxf4 22. Qe4 Qh6 23. h5 Qg5 24. hxg6 hxg6 25. Rd4 Bxe5 26. f4 Bxf4 27.
Qxf4 Qxf4 28. Rxf4 Nd5 29. Rfh4 Kg7 30. Bd3 Ne7 31. Rh7+ Kf6 32. Rf1+ Nf5 33.
Bxf5 exf5 34. Rd1 Rb6 35. Rd7 Rxc6 36. Rdxf7+ Ke5 37. Re7+ Kf4 38. Rh4+ Kg3 39.
Rxb4 f4 40. Rb3+ Kf2 41. Rf7 Rc4 42. Rb5 Ke3 43. Rg5 f3 44. Rxg6 Rf4 45. Re6+
Re4 46. Rxe4+ Kxe4 1-0

[Event "6I Torneo Ciudad de Pontevedra 2018"]
[Site "Pontevedra ESP"]
[Date "2018.08.09"]
[Round "2.22"]
[White "Prado Lobo, Jonas"]
[Black "Vazquez Alvarez, Antonio Jose"]
[Result "1-0"]
[WhiteElo "2143"]
[BlackElo "1985"]
[PlyCount "45"]
[EventDate "2018.08.08"]
[EventType "swiss"]
[EventRounds "9"]
[EventCountry "ESP"]
[SourceTitle "Ajedrez en Madrid"]
[Source "lmi"]
[SourceDate "2018.08.08"]

1. d4 d5 2. c4 e5 3. dxe5 d4 4. Nf3 Nc6 5. a3 Bg4 6. Nbd2 Qe7 7. h3 Bh5 8. g4
Bg6 9. b4 O-O-O 10. Bg2 d3 11. Bb2 f6 12. O-O dxe2 13. Qxe2 Bd3 14. Qe3 Bxf1
15. Rxf1 fxe5 16. b5 Nb8 17. Qxa7 Qc5 18. Qa8 e4 19. Nxe4 Qxc4 20. Ne5 Qxb5 21.
Nf7 Re8 22. Bd4 Qc4 23. Ned6+ 1-0

[Event "6I Torneo Ciudad de Pontevedra 2018"]
[Site "Pontevedra ESP"]
[Date "2018.08.09"]
[Round "2.23"]
[White "Adams, Philip"]
[Black "Vidal Fernandez, Pablo"]
[Result "0-1"]
[WhiteElo "1982"]
[BlackElo "2143"]
[PlyCount "82"]
[EventDate "2018.08.08"]
[EventType "swiss"]
[EventRounds "9"]
[EventCountry "ESP"]
[SourceTitle "Ajedrez en Madrid"]
[Source "lmi"]
[SourceDate "2018.08.08"]

1. Nf3 Nf6 2. c4 c6 3. g3 d5 4. Bg2 dxc4 5. O-O Nbd7 6. Qc2 Nb6 7. a4 a5 8. Na3
Be6 9. Ne1 g6 10. d3 cxd3 11. Nxd3 Qc8 12. Re1 Bg7 13. Nc5 Bh3 14. Bh1 O-O 15.
e4 Ng4 16. Nb3 Rd8 17. f3 Ne5 18. Be3 Nxa4 19. Nc1 Nxb2 20. Rb1 Nbd3 21. Nxd3
Nxd3 22. Red1 Nb4 23. Qf2 Be6 24. Bb6 Rd3 25. Rxd3 Nxd3 26. Qe3 Ne5 27. Bg2 Nd7
28. Bd4 b5 29. Bf1 b4 30. Bxg7 Kxg7 31. Nc4 c5 32. f4 a4 33. h4 Qc7 34. h5 Bxc4
35. Bxc4 Nb6 36. h6+ Kf8 37. Bf1 a3 38. Qb3 Rd8 39. e5 Qd7 40. Re1 Qd4+ 41. Kh2
Qf2+ 0-1

[Event "6I Torneo Ciudad de Pontevedra 2018"]
[Site "Pontevedra ESP"]
[Date "2018.08.09"]
[Round "2.26"]
[White "Puga Sanchez, Miguel"]
[Black "Lemstra, Bart"]
[Result "1-0"]
[WhiteElo "2109"]
[BlackElo "1929"]
[PlyCount "47"]
[EventDate "2018.08.08"]
[EventType "swiss"]
[EventRounds "9"]
[EventCountry "ESP"]
[SourceTitle "Ajedrez en Madrid"]
[Source "lmi"]
[SourceDate "2018.08.08"]

1. e4 e5 2. Nf3 Nc6 3. Bb5 a6 4. Ba4 Nf6 5. d3 d6 6. c3 Be7 7. Nbd2 O-O 8. O-O
Bg4 9. h3 Bd7 10. Re1 Ne8 11. d4 exd4 12. cxd4 g6 13. Nf1 Ng7 14. Ne3 Nb4 15.
Bb3 a5 16. a3 a4 17. axb4 axb3 18. Rxa8 Qxa8 19. Qxb3 Qa4 20. Qa3 Qc6 21. Nd5
Bd8 22. Bh6 Be6 23. Bg5 Bxg5 24. Nxg5 1-0

[Event "6I Torneo Ciudad de Pontevedra 2018"]
[Site "Pontevedra ESP"]
[Date "2018.08.09"]
[Round "2.27"]
[White "Del Prado Rodriguez, Xulio"]
[Black "Fernandez Lopez, Ruben"]
[Result "0-1"]
[WhiteElo "1671"]
[BlackElo "2106"]
[PlyCount "60"]
[EventDate "2018.08.08"]
[EventType "swiss"]
[EventRounds "9"]
[EventCountry "ESP"]
[SourceTitle "Ajedrez en Madrid"]
[Source "lmi"]
[SourceDate "2018.08.08"]

1. d4 Nf6 2. c4 g6 3. Nc3 d5 4. Qb3 dxc4 5. Qxc4 Bg7 6. Nf3 Na6 7. e4 c5 8. Be3
cxd4 9. Nxd4 Ng4 10. O-O-O Nxe3 11. fxe3 Bd7 12. a3 Rc8 13. Qd5 Nc5 14. Kb1 O-O
15. h4 Na4 16. Nxa4 Bxa4 17. Rd2 Qb6 18. Qg5 Rc5 19. Qg4 Rfc8 20. Bd3 Rd8 21.
h5 e5 22. Nf5 gxf5 23. exf5 Rxd3 24. h6 Qf6 25. Rxd3 Bc2+ 26. Ka1 Bxd3 27. hxg7
Bxf5 28. Qb4 Qc6 29. Rf1 Rc1+ 30. Ka2 Be6+ 0-1

[Event "6I Torneo Ciudad de Pontevedra 2018"]
[Site "Pontevedra ESP"]
[Date "2018.08.09"]
[Round "2.28"]
[White "Perez Carballo, David"]
[Black "Avelino, Camila Biscaya"]
[Result "1-0"]
[WhiteElo "2090"]
[BlackElo "1642"]
[PlyCount "87"]
[EventDate "2018.08.08"]
[EventType "swiss"]
[EventRounds "9"]
[EventCountry "ESP"]
[SourceTitle "Ajedrez en Madrid"]
[Source "lmi"]
[SourceDate "2018.08.08"]

1. Nf3 Nf6 2. g3 g6 3. Bg2 Bg7 4. O-O O-O 5. d4 d6 6. Nc3 Nc6 7. e4 Bg4 8. h3
Bxf3 9. Bxf3 e5 10. dxe5 dxe5 11. Nd5 Nd4 12. Bg5 c6 13. Bxf6 Bxf6 14. Ne3 Qb6
15. c3 Ne6 16. Qe2 Bg7 17. Bg4 Nc5 18. Nc4 Qc7 19. Qe3 Nxe4 20. Qxe4 f5 21. Qe2
fxg4 22. Qxg4 Qf7 23. Nd6 Qe7 24. Rad1 Rab8 25. Rd3 Qf6 26. Ne4 Qf5 27. Rfd1
Qxg4 28. hxg4 a6 29. Rd7 Rfc8 30. Re7 Re8 31. Rxe8+ Rxe8 32. Rd7 Rb8 33. Rc7 h6
34. Kf1 a5 35. Ke2 g5 36. Nc5 Bf8 37. Rxb7 Rxb7 38. Nxb7 a4 39. Na5 c5 40. Nc4
Kf7 41. Ke3 Ke6 42. Ke4 Bd6 43. Nb6 a3 44. bxa3 1-0

[Event "6I Torneo Ciudad de Pontevedra 2018"]
[Site "Pontevedra ESP"]
[Date "2018.08.09"]
[Round "2.29"]
[White "Uranga Odriozola, Inaki"]
[Black "Gil Reguera, Juan Carlos"]
[Result "0-1"]
[WhiteElo "1531"]
[BlackElo "2085"]
[PlyCount "100"]
[EventDate "2018.08.08"]
[EventType "swiss"]
[EventRounds "9"]
[EventCountry "ESP"]
[SourceTitle "Ajedrez en Madrid"]
[Source "lmi"]
[SourceDate "2018.08.08"]

1. e4 c5 2. Nf3 d6 3. d4 cxd4 4. Nxd4 Nf6 5. Nc3 a6 6. Be2 e6 7. O-O Be7 8. Be3
Qc7 9. Nf3 b5 10. a3 Bb7 11. Bd3 Nbd7 12. Qd2 Nc5 13. Rfe1 O-O 14. Bg5 Nxd3 15.
cxd3 Rac8 16. Rac1 Qb8 17. e5 dxe5 18. Nxe5 Qd6 19. Qe3 Nd7 20. Bxe7 Qxe7 21.
Nxd7 Qxd7 22. Ne4 Bxe4 23. dxe4 Rfd8 24. Rxc8 Rxc8 25. Rc1 Rd8 26. h3 h6 27. f3
Qd2 28. Qc3 Rd3 29. Qc2 Kh7 30. e5 Qxc2 31. Rxc2 Re3 32. f4 g5 33. Rc7 Kg6 34.
f5+ Kxf5 35. Rxf7+ Kxe5 36. Rh7 Re2 37. Ra7 Rxb2 38. Rxa6 Kf5 39. Rb6 Rb3 40.
a4 bxa4 41. Ra6 a3 42. Ra4 e5 43. g4+ Ke6 44. Ra6+ Kd5 45. Ra5+ Kd4 46. Kf1 e4
47. Ra4+ Kd3 48. Ra8 e3 49. Rd8+ Kc2 50. Rc8+ Kb2 0-1

[Event "6I Torneo Ciudad de Pontevedra 2018"]
[Site "Pontevedra ESP"]
[Date "2018.08.10"]
[Round "3.1"]
[White "Demchenko, Anton"]
[Black "Cori Quispe, Kevin Joel"]
[Result "1-0"]
[WhiteElo "2670"]
[BlackElo "2480"]
[PlyCount "119"]
[EventDate "2018.08.08"]
[EventType "swiss"]
[EventRounds "9"]
[EventCountry "ESP"]
[SourceTitle "Ajedrez en Madrid"]
[Source "lmi"]
[SourceDate "2018.08.08"]

1. e4 c5 2. Nf3 e6 3. g3 Nc6 4. Bg2 Nf6 5. Qe2 d5 6. exd5 Nxd5 7. O-O Be7 8.
Rd1 O-O 9. d4 cxd4 10. Nxd4 Nxd4 11. Rxd4 Bf6 12. Rd1 Qc7 13. c4 Nb6 14. Nd2
Bd7 15. Ne4 Be7 16. b3 Bc6 17. Bb2 Rad8 18. Qg4 e5 19. Qf5 Nd7 20. Nc3 g6 21.
Qc2 Bxg2 22. Kxg2 Nf6 23. Qe2 a6 24. Qf3 Rxd1 25. Rxd1 Rd8 26. Rxd8+ Bxd8 27.
Nd5 Nxd5 28. Qxd5 Bf6 29. f4 Bg7 30. Bxe5 Bxe5 31. Qxe5 Qb6 32. f5 f6 33. Qd5+
Kg7 34. Kf3 Qb4 35. Qd7+ Kh6 36. Ke2 Qa3 37. Qd2+ Kg7 38. fxg6 hxg6 39. Kf3 g5
40. h4 gxh4 41. gxh4 Qe7 42. Qd5 Kh6 43. Qf5 Qd8 44. Ke4 b6 45. Qe6 Qa8+ 46.
Kf4 Qd8 47. Ke4 Qa8+ 48. Kf4 Qd8 49. Qd5 Qc8 50. Qd6 Kg6 51. h5+ Kxh5 52. Qxf6
Qg4+ 53. Ke5 Qe2+ 54. Kd5 Qg2+ 55. Kd6 Qxa2 56. Qf3+ Kg6 57. Kc7 b5 58. c5 Qa5+
59. Kb7 b4 60. Qd3+ 1-0

[Event "6I Torneo Ciudad de Pontevedra 2018"]
[Site "Pontevedra ESP"]
[Date "2018.08.10"]
[Round "3.2"]
[White "Starostits, Ilmars"]
[Black "Venkatesh, M.R."]
[Result "0-1"]
[WhiteElo "2454"]
[BlackElo "2499"]
[PlyCount "64"]
[EventDate "2018.08.08"]
[EventType "swiss"]
[EventRounds "9"]
[EventCountry "ESP"]
[SourceTitle "Ajedrez en Madrid"]
[Source "lmi"]
[SourceDate "2018.08.08"]

1. Nf3 Nf6 2. d4 g6 3. Nc3 d5 4. Bf4 Bg7 5. e3 O-O 6. Be2 c5 7. O-O cxd4 8.
exd4 Nc6 9. Ne5 Qb6 10. Nxc6 Qxc6 11. Re1 Be6 12. Bb5 Qc8 13. Be5 Rd8 14. a4 a6
15. Bd3 b6 16. Ra3 Ne8 17. Rb3 Qc6 18. a5 bxa5 19. Qa1 Bxe5 20. Rxe5 Rab8 21.
Qxa5 Rxb3 22. Qxd8 Rxb2 23. h4 Kf8 24. Nxd5 Qd6 25. Qxe7+ Qxe7 26. Nxe7 Kxe7
27. d5 Rb1+ 28. Bf1 Nd6 29. dxe6 fxe6 30. f3 Nc4 31. Re2 a5 32. Kf2 a4 0-1

[Event "6I Torneo Ciudad de Pontevedra 2018"]
[Site "Pontevedra ESP"]
[Date "2018.08.10"]
[Round "3.3"]
[White "Petkov, Vladimir"]
[Black "Nayhebaver, Martin"]
[Result "1-0"]
[WhiteElo "2494"]
[BlackElo "2453"]
[PlyCount "125"]
[EventDate "2018.08.08"]
[EventType "swiss"]
[EventRounds "9"]
[EventCountry "ESP"]
[SourceTitle "Ajedrez en Madrid"]
[Source "lmi"]
[SourceDate "2018.08.08"]

1. d4 Nf6 2. c4 e6 3. Nc3 Bb4 4. g3 O-O 5. Bg2 d5 6. a3 Be7 7. cxd5 exd5 8. Nh3
c6 9. Nf4 Na6 10. f3 Nc7 11. e4 dxe4 12. fxe4 Ne6 13. e5 Ne8 14. d5 cxd5 15.
Ncxd5 Bg5 16. O-O Bd7 17. Qh5 Bxf4 18. Bxf4 Bc6 19. Rad1 Bxd5 20. Bxd5 Qb6+ 21.
Kh1 Rd8 22. Bc1 N8c7 23. Be4 g6 24. Qf3 Rxd1 25. Rxd1 Nc5 26. Bb1 N5e6 27. b4
Qb5 28. Bh6 Rd8 29. Rxd8+ Nxd8 30. Qd3 Nc6 31. e6 fxe6 32. Qf3 Qd5 33. Be4 Qd8
34. Qc3 Qd7 35. Kg2 Nd5 36. Qc5 Nde7 37. b5 Qd4 38. Qc2 Nd8 39. Bg5 Qd7 40. Qc5
Nd5 41. Bh6 Ne7 42. a4 Nf7 43. Be3 b6 44. Qc4 Nf5 45. Bf2 Ng5 46. Bc6 Qd2 47.
Qf4 Qd8 48. g4 Nd6 49. a5 Ngf7 50. axb6 axb6 51. Qd4 Qg5 52. h4 Nxb5 53. hxg5
Nxd4 54. Bxd4 Nxg5 55. Be3 Nf7 56. Bd7 e5 57. Kf3 Kg7 58. Be6 Nd6 59. Bxb6 Kf6
60. Bd5 e4+ 61. Kf4 g5+ 62. Ke3 Ke5 63. Bg8 1-0

[Event "6I Torneo Ciudad de Pontevedra 2018"]
[Site "Pontevedra ESP"]
[Date "2018.08.10"]
[Round "3.4"]
[White "Pena Gomez, Manuel"]
[Black "Horton, Andrew P"]
[Result "1/2-1/2"]
[WhiteElo "2483"]
[BlackElo "2408"]
[PlyCount "123"]
[EventDate "2018.08.08"]
[EventType "swiss"]
[EventRounds "9"]
[EventCountry "ESP"]
[SourceTitle "Ajedrez en Madrid"]
[Source "lmi"]
[SourceDate "2018.08.08"]

1. c4 c5 2. g3 g6 3. Bg2 Bg7 4. Nc3 Nc6 5. d3 d6 6. e4 Nf6 7. Nge2 O-O 8. O-O
a6 9. h3 Rb8 10. a4 Ne8 11. Be3 Nc7 12. d4 cxd4 13. Nxd4 Ne6 14. Nde2 Nc5 15.
Rb1 a5 16. f4 Nb4 17. Bd4 Bd7 18. Bxg7 Kxg7 19. Kh2 Bc6 20. b3 Kg8 21. Nd5 e6
22. Ndc3 Qe7 23. Qd2 Rbd8 24. f5 exf5 25. exf5 Rfe8 26. fxg6 hxg6 27. Nf4 Qe3
28. Qxe3 Rxe3 29. Nfd5 Bxd5 30. Nxd5 Nxd5 31. Bxd5 Rd7 32. Rf6 Kg7 33. Rbf1 Ne6
34. h4 Nd8 35. R1f3 Rxf3 36. Rxf3 Nc6 37. Rd3 Ne5 38. Rd4 Nc6 39. Rd2 Ne5 40.
Kg1 b6 41. Bg2 Kf6 42. Rd5 Rd8 43. Kf2 Ke7 44. Bh3 Rh8 45. Kg2 Rg8 46. g4 f6
47. Kg3 Kd7 48. g5+ Kc7 49. Rd1 fxg5 50. hxg5 Rf8 51. Bg4 Kc6 52. Rh1 Kc5 53.
Rd1 Kc6 54. Rh1 Rf7 55. Rd1 Re7 56. Bh3 Nf7 57. Bg2+ Kc7 58. Kf4 Re5 59. Be4
Nxg5 60. Bxg6 Kc6 61. Bf5 Ne6+ 62. Bxe6 1/2-1/2

[Event "6I Torneo Ciudad de Pontevedra 2018"]
[Site "Pontevedra ESP"]
[Date "2018.08.10"]
[Round "3.5"]
[White "Silva, Luis Neves Da"]
[Black "Manolache, Marius"]
[Result "0-1"]
[WhiteElo "2374"]
[BlackElo "2481"]
[PlyCount "122"]
[EventDate "2018.08.08"]
[EventType "swiss"]
[EventRounds "9"]
[EventCountry "ESP"]
[SourceTitle "Ajedrez en Madrid"]
[Source "lmi"]
[SourceDate "2018.08.08"]

1. d4 Nf6 2. c4 c5 3. Nf3 g6 4. Nc3 Bg7 5. e4 d6 6. Be2 O-O 7. O-O Na6 8. Be3
Re8 9. h3 cxd4 10. Bxd4 Nb4 11. Qd2 Nc6 12. Be3 b6 13. Rfd1 Bb7 14. Qc2 Nd7 15.
Rac1 Rc8 16. a3 Qc7 17. b4 Qb8 18. Bf1 Qa8 19. Nd2 Nd4 20. Qd3 Ne6 21. Nd5 Ne5
22. Qe2 g5 23. Nf3 h6 24. Nxe5 dxe5 25. h4 Nf4 26. Qg4 e6 27. Nc3 Bxe4 28. Nxe4
Qxe4 29. hxg5 Qg6 30. Bxf4 exf4 31. Qxf4 hxg5 32. Qe3 g4 33. Qb3 Red8 34. c5
bxc5 35. bxc5 g3 36. Rxd8+ Rxd8 37. Qxg3 Qxg3 38. fxg3 Bd4+ 39. Kh2 Rd5 40. g4
Bb2 41. Rc4 Bxa3 42. c6 Bd6+ 43. Kg1 Bc7 44. Kf2 Kf8 45. Be2 Ke7 46. Bf3 Rb5
47. Be4 a5 48. Ke3 Rb8 49. Rc2 Be5 50. Rc5 Bc7 51. Rc4 f6 52. Ra4 Bb6+ 53. Kf3
Kd6 54. Rc4 Bc7 55. Rc3 Ke5 56. Rc4 Rb5 57. Kg3 Rb3+ 58. Bf3 Kd6 59. Rf4 e5 60.
Rc4 Rb5 61. Rc1 a4 0-1

[Event "6I Torneo Ciudad de Pontevedra 2018"]
[Site "Pontevedra ESP"]
[Date "2018.08.10"]
[Round "3.6"]
[White "Dionisi, Thomas"]
[Black "Martinez Duany, Lelys Stanley"]
[Result "0-1"]
[WhiteElo "2403"]
[BlackElo "2544"]
[PlyCount "124"]
[EventDate "2018.08.08"]
[EventType "swiss"]
[EventRounds "9"]
[EventCountry "ESP"]
[SourceTitle "Ajedrez en Madrid"]
[Source "lmi"]
[SourceDate "2018.08.08"]

1. e4 e5 2. Nf3 Nc6 3. Bb5 Nf6 4. d3 d6 5. O-O Be7 6. Re1 O-O 7. c3 Nd7 8. Nbd2
Bf6 9. Nf1 Nb6 10. h3 a6 11. Bxc6 bxc6 12. d4 exd4 13. cxd4 Re8 14. Qc2 Bb7 15.
Ng3 g6 16. Bh6 Qd7 17. Rad1 Bh8 18. Qc1 a5 19. Qf4 f6 20. Nh2 Qf7 21. a3 a4 22.
Ng4 Bc8 23. Rc1 Bxg4 24. Qxg4 Nc4 25. Nf5 d5 26. Bf4 Bg7 27. Nxg7 Kxg7 28. e5
f5 29. Qh4 Rab8 30. Re2 Re6 31. Rcc2 Kg8 32. Bg5 Rb3 33. Qf4 Rd3 34. Kh2 Qf8
35. Bf6 c5 36. dxc5 Qxc5 37. Qc1 Rd4 38. Rc3 Re4 39. Rxe4 fxe4 40. b3 axb3 41.
Rxb3 Rb6 42. Rxb6 cxb6 43. Qf4 Qc8 44. a4 Qd7 45. h4 Kf7 46. Bg5+ Qf5 47. Qc1
Qxf2 48. Qc3 h6 49. Bf6 Qf4+ 50. Kh1 Qd2 51. Qh3 Qc1+ 52. Kh2 Qf4+ 53. Kh1 Nxe5
54. Bxe5 Qxe5 55. Qd7+ Kf6 56. Qd8+ Kf5 57. Qf8+ Kg4 58. Qxh6 Qf5 59. Qc1 Qf4
60. Qd1+ Kg3 61. Qe1+ Qf2 62. Qc3+ e3 0-1

[Event "6I Torneo Ciudad de Pontevedra 2018"]
[Site "Pontevedra ESP"]
[Date "2018.08.10"]
[Round "3.7"]
[White "Ruck, Robert"]
[Black "Merario Alarcon, Andres"]
[Result "1-0"]
[WhiteElo "2502"]
[BlackElo "2406"]
[PlyCount "101"]
[EventDate "2018.08.08"]
[EventType "swiss"]
[EventRounds "9"]
[EventCountry "ESP"]
[SourceTitle "Ajedrez en Madrid"]
[Source "lmi"]
[SourceDate "2018.08.08"]

1. Nf3 d5 2. g3 Nf6 3. Bg2 c5 4. O-O e6 5. c4 d4 6. e3 Nc6 7. d3 Bd6 8. exd4
cxd4 9. Bg5 h6 10. Bxf6 Qxf6 11. Nbd2 Qe7 12. a3 a5 13. Rc1 O-O 14. Re1 Rd8 15.
Qc2 Bc7 16. c5 a4 17. Qd1 Bd7 18. Nh4 Be8 19. Rc2 g5 20. Nf5 Qf8 21. Nd6 Bxd6
22. cxd6 Qxd6 23. h4 Qe7 24. hxg5 hxg5 25. Ne4 Ra5 26. f4 gxf4 27. Qg4+ Kf8 28.
Qxf4 Kg7 29. Qg4+ Kf8 30. Rf2 Ne5 31. Qh3 Qc7 32. Qh5 Ng6 33. Qh7 Ke7 34. Nf6
Ne5 35. Qh4 Ng6 36. Nd5+ Kd7 37. Nxc7 Nxh4 38. Nxe8 Nf5 39. Ng7 Nh6 40. Rf6 Rg8
41. Nxe6 fxe6 42. Rxh6 Rxg3 43. Rh3 Rg7 44. Kf2 Rf5+ 45. Bf3 Kd6 46. Rc1 b5 47.
Ke2 Re5+ 48. Be4 Rg2+ 49. Kf3 Rxb2 50. Rc6+ Ke7 51. Kf4 1-0

[Event "6I Torneo Ciudad de Pontevedra 2018"]
[Site "Pontevedra ESP"]
[Date "2018.08.10"]
[Round "3.8"]
[White "Senlle Caride, Miguel"]
[Black "Oratovsky, Michael"]
[Result "0-1"]
[WhiteElo "2311"]
[BlackElo "2489"]
[PlyCount "58"]
[EventDate "2018.08.08"]
[EventType "swiss"]
[EventRounds "9"]
[EventCountry "ESP"]
[SourceTitle "Ajedrez en Madrid"]
[Source "lmi"]
[SourceDate "2018.08.08"]

1. e4 c5 2. Nf3 e6 3. d4 cxd4 4. Nxd4 a6 5. Nc3 b5 6. Bd3 d6 7. O-O Nf6 8. Qe2
Be7 9. a4 b4 10. Na2 Qb6 11. Be3 Qb7 12. Nb3 Nc6 13. f4 h5 14. c3 bxc3 15. bxc3
Ng4 16. Bd2 Qb6+ 17. Kh1 Qxb3 18. Rfb1 Qxa4 19. Nb4 Nxb4 20. Rxa4 Nxd3 21. h3
Nc5 22. Rab4 Nf6 23. Rb8 Rxb8 24. Rxb8 O-O 25. e5 Nfe4 26. Be1 f6 27. c4 Bd7
28. Rxf8+ Kxf8 29. Qxh5 Nd3 0-1

[Event "6I Torneo Ciudad de Pontevedra 2018"]
[Site "Pontevedra ESP"]
[Date "2018.08.10"]
[Round "3.9"]
[White "Praveen, Kumar C"]
[Black "Suarez Gomez, Julio"]
[Result "1-0"]
[WhiteElo "2238"]
[BlackElo "2469"]
[PlyCount "59"]
[EventDate "2018.08.08"]
[EventType "swiss"]
[EventRounds "9"]
[EventCountry "ESP"]
[SourceTitle "Ajedrez en Madrid"]
[Source "lmi"]
[SourceDate "2018.08.08"]

1. d4 Nf6 2. c4 e6 3. g3 d5 4. Nf3 Bb4+ 5. Bd2 Be7 6. Bg2 O-O 7. O-O c6 8. Qc2
Nbd7 9. Bf4 Ne4 10. Nbd2 g5 11. Be3 Nd6 12. h4 h6 13. hxg5 hxg5 14. g4 f5 15.
Ne5 Nxe5 16. dxe5 Ne4 17. Nxe4 dxe4 18. c5 Qe8 19. Rad1 Qf7 20. f4 gxf4 21.
Bxf4 Qg6 22. g5 Rb8 23. Qc1 b6 24. cxb6 axb6 25. Kf2 Rb7 26. Rh1 e3+ 27. Kxe3
Bxg5 28. Bf3 Ra7 29. b3 Rh7 30. Rdg1 1-0

[Event "6I Torneo Ciudad de Pontevedra 2018"]
[Site "Pontevedra ESP"]
[Date "2018.08.10"]
[Round "3.11"]
[White "Vidal Fernandez, Pablo"]
[Black "Pazos Porta, Antonio"]
[Result "0-1"]
[WhiteElo "2143"]
[BlackElo "2335"]
[PlyCount "46"]
[EventDate "2018.08.08"]
[EventType "swiss"]
[EventRounds "9"]
[EventCountry "ESP"]
[SourceTitle "Ajedrez en Madrid"]
[Source "lmi"]
[SourceDate "2018.08.08"]

1. e4 c5 2. Nf3 e6 3. d4 cxd4 4. Nxd4 a6 5. Bd3 Nf6 6. c4 Nc6 7. Nxc6 dxc6 8.
O-O e5 9. Qe2 Be6 10. b3 Bc5 11. Ba3 Bd4 12. Nd2 Qa5 13. Bd6 Bg4 14. Nf3 O-O-O
15. c5 Bxa1 16. Rxa1 Qc3 17. Rd1 Ne8 18. Bxa6 Nxd6 19. cxd6 Qc5 20. Bc4 Rxd6
21. Rc1 Qa3 22. Qc2 Bxf3 23. gxf3 f6 0-1